000 00651nam a2200217 a 4500
001 3528186
005 20171215040655.0
008 990505s1997 maua 001 0 eng
010 _a 96076656
020 _a0669417521 (instructor's annotated ed.)
040 _aDLC
_cDLC
041 _aeng
080 _a512.9
082 0 0 _a512.9
_221
100 1 _a36
101 _aMAT
245 1 0 _aCollege algebra /
_cRoland E. Larson, Robert P. Hostetler ; with the assistance of David E. Heyd.
906 _a7
_bcbc
_corignew
_d2
_eopcn
_f19
_gy-gencatlg
942 _2ddc
_cBK
999 _c38966
_d38966